000 00730nam a22002057a 4500
005 20251108174841.0
008 250721s2010 xx 000 0 ara d
082 1 4 _a346.04/شوش
100 1 _aشوشاري، صلاح الدين
_eمؤلف
245 1 0 _aصيغ الدعاوى والطلبات المستعجلة والإنذارات والإخطارات في قانون المالكين والمستأجرين /
264 1 _aعمان :
_bشوشاري،
_c2010.
300 _a280 ص.
650 1 7 _aالملكية
650 1 7 _aحقوق المستأجر
650 1 7 _aالحقوق القانونية
650 1 7 _aالإجراءات الجنائية
650 1 7 _aالقانون
942 _2ddc
_cBK
999 _c119707
_d119707